Russia and Its Other(s) on Film : (Record no. 586746)

MARC details
000 -LEADER
fixed length control field 00506nam a2200193 a 4500
008 - FIXED-LENGTH DATA ELEMENTS--GENERAL INFORMATION
fixed length control field 250914s2008##################000#0#eng##
020 ## - INTERNATIONAL STANDARD BOOK NUMBER
ISBN 9780230517363
082 04 - DEWEY DECIMAL CLASSIFICATION NUMBER
Classification number 791.430947
Item number HUT
100 1# - MAIN ENTRY--AUTHOR NAME
Personal name Hutchings, Stephen,
245 10 - TITLE STATEMENT
Title Russia and Its Other(s) on Film :
260 ## - PUBLICATION, DISTRIBUTION, ETC. (IMPRINT)
Name of publisher Palgrave MacMillan,
Year of publication 2008.
300 ## - PHYSICAL DESCRIPTION
Number of Pages 266 pages
650 #0 - SUBJECT ADDED ENTRY--TOPICAL TERM
Topical Term Language Arts & Disciplines.
942 ## - ADDED ENTRY ELEMENTS (KOHA)
Koha item type English Books
Holdings
Withdrawn status Lost status Damaged status Not for loan Home library Current library Shelving location Date acquired Full call number Accession Number Price effective from Koha item type
        Anna Centenary Library Anna Centenary Library 6TH FLOOR, B WING 14.09.2025 791.430947 HUT 320836 14.09.2025 English Books

Find us on the map